000 00947nam a2200277Ia 4500
003 OSt
005 20221005105126.0
006 a|||||r|||| 00| 0
007 ta
008 221004b |||||||| |||| 00| 0 hin d
020 _a8181661966 (hbk)
_cIndian Rupees 150
024 _a40564
037 _bGift, 24/10/2018,
_cTextual
040 _aCRL
_cCRL
_bhin
041 _2hin
_ahin
082 _aO152,3NZA,MH, P7
100 _aजहीर, नूर, ले.
245 0 _aमेरे हिस्से की रौशनाई
246 _aMere hisse kī raushanāī
260 _aदिल्ली
_bूमेधा बुक्स भारत
_c2007
300 _a136
_ccm.
650 _a हिन्दी साहित्य
650 _aहिन्दी कहानी
942 _hO152,3NZA,MH, P7
_cTEXL
_2cc
999 _c1014841
_d1014841